00417nam a2200121Ia 4500008004100000040001300041050001500054100002400069245009200093260004700185300001700232490004600249141125 1969 a e 000 0 eng d aNG-ZaABU aHD 9695.A2 aCilingiroglu, Ayhan 0aManufacture of Heavy Electrical Equipment in Developing Countries./cAyhan Cilingiroglu aBaltimore:bthe johns hopkins press,c1969 axiii, 122p.: aWorld Bank Staff Occasional Papers No. ix